| 000 | 00412nam a2200181Ia 4500 | ||
|---|---|---|---|
| 003 | OSt | ||
| 005 | 20251111152604.0 | ||
| 008 | 250729s2005 xx 000 0 und d | ||
| 040 | _cAL | ||
| 041 | _aeng | ||
| 082 | _a000 SART | ||
| 100 |
_aSardana Vimal _9224257 |
||
| 245 | _aTales from indian classics | ||
| 260 |
_aNew Delhi _c2005 |
||
| 300 | _a135p | ||
| 650 |
_aGeneralia _9224258 |
||
| 942 |
_2ddc _cBED |
||
| 999 |
_c236319 _d236319 |
||